| 000 -CABECERA |
| campo de control de longitud fija |
00966nam a2200277 u 4500 |
| 001 - NÚMERO DE CONTROL |
| campo de control |
000057989 |
| 005 - FECHA Y HORA DE LA ÚLTIMA TRANSACCIÓN |
| campo de control |
20200120223842.0 |
| 008 - DATOS DE LONGITUD FIJA--INFORMACIÓN GENERAL |
| campo de control de longitud fija |
130625s2009 ck a r 000 0 spa d |
| 020 ## - NÚMERO INTERNACIONAL ESTÁNDAR DEL LIBRO |
| Número Internacional Estándar del Libro |
9789583011580 |
| 020 ## - NÚMERO INTERNACIONAL ESTÁNDAR DEL LIBRO |
| Número Internacional Estándar del Libro |
9788476308288 |
| 041 0# - CÓDIGO DE LENGUA |
| Código de lengua del texto/banda sonora o título independiente |
*spa |
| 043 ## - CÓDIGO DE ÁREA GEOGRÁFICA |
| Código de área geográfica |
s-ck--- |
| 090 ## - LOCALMENTE ASIGNADO TIPO-LC NÚMERO DE CLASIFICACIÓN (OCLC); NÚMERO DE CLASIFICACIÓN LOCAL (RLIN) |
| Número de clasificación (OCLC) (R) ; Numero de clasificación, CALL (RLIN) (NR) |
C |
| Número cutter local (OCLC) ; Número de libro/Signatura topográfica íntegra, CALL (RLIN) |
TESC |
| 245 00 - MENCIÓN DE TÍTULO |
| Título |
Tesoros clásicos. |
| 250 ## - MENCIÓN DE EDICIÓN |
| Mención de edición |
1a. ed. |
| 260 ## - PUBLICACIÓN, DISTRIBUCIÓN, ETC. |
| Lugar de publicación, distribución, etc. |
Bogotá : |
| Nombre del editor, distribuidor, etc. |
Panamericana : |
| -- |
Libsa, |
| Fecha de publicación, distribución, etc. |
2009. |
| 300 ## - DESCRIPCIÓN FÍSICA |
| Extensión |
188 p. : |
| Otras características físicas |
il. |
| 500 ## - NOTA GENERAL |
| Nota general |
Recopila cuentos infantiles de Andersen y los hermanos Grimm |
| 505 0# - NOTA DE CONTENIDO CON FORMATO |
| Título |
Joyas clásicas. -- |
| -- |
Mis primeras adivinanzas. -- |
| -- |
Mis primeras fábulas.-- |
| -- |
Cuentos maravillosos. -- |
| -- |
La Biblia infantil . -- |
| -- |
Clásicos para contar. -- |
| -- |
Tesoros clásicos. -- |
| 650 14 - PUNTO DE ACCESO ADICIONAL DE MATERIA--TÉRMINO DE MATERIA |
| Término de materia o nombre geográfico como elemento de entrada |
Cuentos infantiles colombianos. |
| 650 24 - PUNTO DE ACCESO ADICIONAL DE MATERIA--TÉRMINO DE MATERIA |
| Término de materia o nombre geográfico como elemento de entrada |
Literatura infantil colombino. |
| 650 24 - PUNTO DE ACCESO ADICIONAL DE MATERIA--TÉRMINO DE MATERIA |
| Término de materia o nombre geográfico como elemento de entrada |
Animales en la literatura. |
| 650 24 - PUNTO DE ACCESO ADICIONAL DE MATERIA--TÉRMINO DE MATERIA |
| Término de materia o nombre geográfico como elemento de entrada |
Tesoros en la literatura. |
| 650 24 - PUNTO DE ACCESO ADICIONAL DE MATERIA--TÉRMINO DE MATERIA |
| Término de materia o nombre geográfico como elemento de entrada |
Selva en la literatura. |
| 650 24 - PUNTO DE ACCESO ADICIONAL DE MATERIA--TÉRMINO DE MATERIA |
| Término de materia o nombre geográfico como elemento de entrada |
Aventuras en la literatura. |